Catholic University of Zimbabwe Library
Online Public Access Catalogue
(OPAC)

Fundamentals of Mathematics (Record no. 19574)

MARC details
000 -LEADER
fixed length control field 03113nam a2200373 4500
001 - CONTROL NUMBER
control field OTLid0000154
003 - CONTROL NUMBER IDENTIFIER
control field MnU
005 - DATE AND TIME OF LATEST TRANSACTION
control field 20201105133300.0
006 - FIXED-LENGTH DATA ELEMENTS--ADDITIONAL MATERIAL CHARACTERISTICS
fixed length control field m o d s
008 - FIXED-LENGTH DATA ELEMENTS--GENERAL INFORMATION
fixed length control field 180907s2008 mnu o 0 0 eng d
020 ## - INTERNATIONAL STANDARD BOOK NUMBER
International Standard Book Number
040 ## - CATALOGING SOURCE
Original cataloging agency MnU
Language of cataloging eng
Transcribing agency MnU
050 #4 - LIBRARY OF CONGRESS CALL NUMBER
Classification number QA1
050 #4 - LIBRARY OF CONGRESS CALL NUMBER
Classification number QA37.3
100 1# - MAIN ENTRY--PERSONAL NAME
Personal name Burzynski, Denny
Relator term author
245 00 - TITLE STATEMENT
Title Fundamentals of Mathematics
Statement of responsibility, etc. Denny Burzynski
264 #2 - PRODUCTION, PUBLICATION, DISTRIBUTION, MANUFACTURE, AND COPYRIGHT NOTICE
Name of producer, publisher, distributor, manufacturer Open Textbook Library
264 #1 - PRODUCTION, PUBLICATION, DISTRIBUTION, MANUFACTURE, AND COPYRIGHT NOTICE
Name of producer, publisher, distributor, manufacturer OpenStax CNX
300 ## - PHYSICAL DESCRIPTION
Extent 1 online resource
490 0# - SERIES STATEMENT
Series statement Open textbook library.
505 0# - FORMATTED CONTENTS NOTE
Formatted contents note 1 Addition and Subtraction of Whole Numbers -- 2 Multiplication and Division of Whole Numbers -- 3 Exponents, Roots, and Factorization of Whole Numbers -- 4 Introduction to Fractions and Multiplication and Division of Fractions -- 5 Addition and Subtraction of Fractions, Comparing Fractions, and Complex Fractions -- 6 Decimals -- 7 Ratios and Rates -- 8 Techniques of Estimation -- 9 Measurement and Geometry -- 10 Signed Numbers -- 11 Algebraic Expressions and Equations
520 0# - SUMMARY, ETC.
Summary, etc. Fundamentals of Mathematics is a work text that covers the traditional study in a modern prealgebra course, as well as the topics of estimation, elementary analytic geometry, and introductory algebra. It is intended for students who: have had previous courses in prealgebra wish to meet the prerequisites of higher level courses such as elementary algebra need to review fundamental mathematical concenpts and techniques This text will help the student devlop the insight and intuition necessary to master arithmetic techniques and manipulative skills. It was written with the following main objectives: to provide the student with an understandable and usable source of information to provide the student with the maximum oppurtinity to see that arithmetic concepts and techniques are logically based to instill in the student the understanding and intuitive skills necessary to know how and when to use particular arithmetic concepts in subsequent material cources and nonclassroom situations to give the students the ability to correctly interpret arithmetically obtained results We have tried to meet these objects by presenting material dynamically much the way an instructure might present the material visually in a classroom. (See the development of the concept of addition and subtraction of fractions in section 5.3 for examples) Intuition and understanding are some of the keys to creative thinking, we belive that the material presented in this text will help students realize that mathematics is a creative subject.
542 1# - INFORMATION RELATING TO COPYRIGHT STATUS
Copyright statement Attribution
546 ## - LANGUAGE NOTE
Language note In English.
588 0# - SOURCE OF DESCRIPTION NOTE
Source of description note Description based on online resource
650 #0 - SUBJECT ADDED ENTRY--TOPICAL TERM
Topical term or geographic name entry element Mathematics
Form subdivision Textbooks
700 1# - ADDED ENTRY--PERSONAL NAME
Personal name Ellis, Wade
Relator term author
710 2# - ADDED ENTRY--CORPORATE NAME
Corporate name or jurisdiction name as entry element Open Textbook Library
Relator term distributor
856 40 - ELECTRONIC LOCATION AND ACCESS
Uniform Resource Identifier <a href="https://open.umn.edu/opentextbooks/textbooks/154">https://open.umn.edu/opentextbooks/textbooks/154</a>
Public note Access online version
Holdings
Withdrawn status Lost status Source of classification or shelving scheme Damaged status Not for loan Home library Shelving location Date acquired Total Checkouts Full call number Date last seen Uniform Resource Identifier Price effective from Koha item type
          Digital Library Online Access 05.11.2020   QA1 05.11.2020 https://open.umn.edu/opentextbooks/textbooks/154 05.11.2020 eBook

OPENING HOURS

Weekdays: 0815hrs - 1800hrs
Weekends:0900hrs - 1200hrs

Closed for Mass:

Mon, Thur: 1200hrs - 1300hrs
Sunday & Public Holiday’s

CALL SUPPORT

0242-570570, 0242-570169
09200664, +263 8644140602

LOCATION

18443, Cranborne Avenue, Hatfield, Harare

Other Links


©2021 | CUZ Library